书目信息 |
| 题名: |
EWB虚拟电子实验室
|
|
| 作者: | 周凯 主编 | |
| 分册: | ||
| 出版信息: | 北京 电子工业出版社 2006.03 |
|
| 页数: | 276页 | |
| 开本: | 26cm | |
| 丛书名: | EDA工具应用丛书 | |
| 单 册: | ||
| 中图分类: | TN702 | |
| 科图分类: | ||
| 主题词: | 电子电路--dian zi dian lu--电路设计--计算机辅助设计--应用软件--Multisim 7 & Ultiboard 7 | |
| 电子资源: | ||
| ISBN: | 7-121-01346-0 | |
| 000 | 01166nam 2200277 450 | |
| 001 | 012006488425 | |
| 005 | 20060927161112.96 | |
| 010 | @a7-121-01346-0@dCNY28.00 (含光盘) | |
| 100 | @a20060619d2006 km y0chiy0120 ea | |
| 101 | 0 | @achi |
| 102 | @aCN@b110000 | |
| 105 | @aa a 000yy | |
| 200 | 1 | @aEWB虚拟电子实验室@AEWB xu ni dian zi shi yan shi@eMultisim 7 & Ultiboard 7电子电路设计与应用@f周凯主编@Fzhou kai zhu bian |
| 210 | @a北京@c电子工业出版社@d2006.03 | |
| 215 | @a276页@c图@d26cm@e光盘1片 | |
| 225 | 2 | @aEDA工具应用丛书@AEDA gong ju ying yong cong shu |
| 307 | @a光盘 ISBN : 7-89496-675-4 | |
| 320 | @a有书目 (第276页)。 | |
| 330 | @a本书着重介绍基于电路级的仿真与设计软件—Multisim7的基本操作方法和仿真设计功能,对Multisim7的配套PCB设计软件Uti board7也进行了详细讲述。 | |
| 410 | 0 | @12001 @aEDA工具应用丛书 |
| 517 | 1 | @aMultisim 7 & Ultiboard 7电子电路设计与应用@AMultisim 7&Ultiboard 7 dian zi dian lu she ji yu ying yong |
| 606 | 0 | @a电子电路@Adian zi dian lu@x电路设计@x计算机辅助设计@x应用软件@xMultisim 7 & Ultiboard 7 |
| 690 | @aTN702@v4 | |
| 701 | 0 | @a周凯@Azhou kai@4主编 |
| 801 | 0 | @aCN@c20060927 |
| 905 | @a10447@dTN702@eZ773 | |
| EWB虚拟电子实验室:Multisim 7 & Ultiboard 7电子电路设计与应用/周凯主编.-北京:电子工业出版社,2006.03 |
| 276页:图;26cm+光盘1片.-(EDA工具应用丛书) |
| ISBN 7-121-01346-0:CNY28.00 (含光盘) |
| 本书着重介绍基于电路级的仿真与设计软件—Multisim7的基本操作方法和仿真设计功能,对Multisim7的配套PCB设计软件Uti board7也进行了详细讲述。 |
| ● |
| 相关链接 |
|
|
|
正题名:EWB虚拟电子实验室
索取号:TN702/Z773
 
预约/预借
| 序号 | 登录号 | 条形码 | 馆藏地/架位号 | 状态 | 备注 |
| 1 | 589845 | 205898457 | 自科二线404/404自科库 12排1列6层/ [索取号:TN702/Z773] | 在馆 | |
| 2 | 589846 | 205898466 | 自科库301/404自科库 15排2列1层/ [索取号:TN702/Z773] | 在馆 | |
| 3 | 589847 | 205898475 | 自科库301/301自科库 29排3列4层/ [索取号:TN702/Z773] | 在馆 | |
| 4 | 599870 | 205998704 | 期刊室512/ [索取号:TN702/Z773] | 在馆 | |
| 5 | 599871 | 205998713 | 自科库301/301自科库 29排3列4层/ [索取号:TN702/Z773] | 在馆 | |
| 6 | 599872 | 205998722 | 自科二线404/301自科库 22排1列5层/ [索取号:TN702/Z773] | 在馆 |